Tough act to follow (Record no. 84571)
[ view plain ]
| 000 -LEADER | |
|---|---|
| fixed length control field | 00872cab a22002535a 4500 |
| 001 - CONTROL NUMBER | |
| control field | L158341 |
| 008 - FIXED-LENGTH DATA ELEMENTS--GENERAL INFORMATION | |
| fixed length control field | 150113e2015 xxk 000 0 eng d |
| 035 ## - SYSTEM CONTROL NUMBER | |
| System control number | (Sirsi) u158341 |
| 041 0# - LANGUAGE CODE | |
| Language code of text/sound track or separate title | eng |
| 100 1# - MAIN ENTRY--PERSONAL NAME | |
| Personal name | McCartney, Aine |
| 245 00 - TITLE STATEMENT | |
| Title | Tough act to follow |
| 260 ## - PUBLICATION, DISTRIBUTION, ETC. | |
| Date of publication, distribution, etc. | 2015 |
| 490 ## - SERIES STATEMENT | |
| Series statement | RICS Property Journal |
| Volume/sequential designation | September-October 2015, 46-47 (2) |
| 520 ## - SUMMARY, ETC. | |
| Summary, etc. | Provides an overview of the Party Wall Act and an update of recent cases. |
| 650 24 - SUBJECT ADDED ENTRY--TOPICAL TERM | |
| Topical term or geographic name entry element | Party walls |
| 9 (RLIN) | 6258 |
| 650 24 - SUBJECT ADDED ENTRY--TOPICAL TERM | |
| Topical term or geographic name entry element | PATEL AND ANOTHER V PETERS AND OTHERS |
| 650 24 - SUBJECT ADDED ENTRY--TOPICAL TERM | |
| Topical term or geographic name entry element | RASHID V SHARIF |
| 650 24 - SUBJECT ADDED ENTRY--TOPICAL TERM | |
| Topical term or geographic name entry element | DILLARD V F&C COMMERCIAL PROPERTY HOLDINGS |
| 651 #4 - SUBJECT ADDED ENTRY--GEOGRAPHIC NAME | |
| Geographic name | United Kingdom |
| Chronological subdivision | |
| 690 ## - LOCAL SUBJECT ADDED ENTRY--TOPICAL TERM (OCLC, RLIN) | |
| Topical term or geographic name as entry element | Planning and development |
| 9 (RLIN) | 6259 |
| 700 1# - ADDED ENTRY--PERSONAL NAME | |
| Personal name | Cobb, Laurence |
| 856 40 - ELECTRONIC LOCATION AND ACCESS | |
| Uniform Resource Identifier | <a href="https://www.rics.org/uk/news/journals/property-journal">https://www.rics.org/uk/news/journals/property-journal</a> |
| Public note | View the journal free of charge at www.rics.org/journals... |
| 942 ## - ADDED ENTRY ELEMENTS (KOHA) | |
| Suppress in OPAC | 0 |
| Withdrawn status | Lost status | Source of classification or shelving scheme | Damaged status | Not for loan | Home library | Current library | Shelving location | Date acquired | Total Checkouts | Full call number | Barcode | Date last seen | Copy number | Price effective from | Koha item type |
|---|---|---|---|---|---|---|---|---|---|---|---|---|---|---|---|
| Dewey Decimal Classification | London | London | Journals | 13/01/2015 | L158341 | 158341-1001 | 06/08/2019 | 1 | 06/08/2019 | Journal article |